[Event "Saarland-ch Seniors"]
[Site "Eppelborn"]
[Date "2008.03.26"]
[Round "7"]
[White "Gross, Ernst"]
[Black "Bickelmann, Horst"]
[Result "1-0"]
[WhiteElo "1604"]
[BlackElo "1560"]
[PlyCount "93"]
[EventDate "2008.03.15"]
[EventType "swiss"]
[EventRounds "9"]
[EventCountry "GER"]
[SourceTitle "EXT 2010"]
[Source "ChessBase"]
[SourceDate "2010.11.25"]
[SourceVersion "1"]
[SourceVersionDate "2010.11.25"]
[SourceQuality "1"]

1. d4 Nf6 2. Bg5 Nc6 3. g3 b6 4. Bg2 e6 5. Nf3 Be7 6. 0-0 h6 7. Bd2 Rb8 8. Nc3 0-0 9. e4 d5 10. e5 Nh7 11. Re1 a6 12. a3 Na5 13. b3 Nb7 14. Ne2 Bd7 15. Qc1 c5 16. c3 Rc8 17. Qb2 Ng5 18. Nxg5 Bxg5 19. f4 Be7 20. Rac1 Bc6 21. Bh3 b5 22. Be3 Bd7 23. Rf1 Rb8 24. f5 exf5 25. Bxf5 Bxf5 26. Rxf5 g6 27. Rf2 Bg5 28. Nf4 h5 29. dxc5 Rc8 30. b4 Qd7 31. Qd2 Rce8 32. Nxd5 Qxd5 33. Qxd5 Bxe3 34. Re1 Bxf2+ 35. Kxf2 Nd8 36. Kg2 Ne6 37. Rf1 Rd8 38. Qe4 Rd2+ 39. Rf2 Rxf2+ 40. Kxf2 Rd8 41. Ke2 Nc7 42. c4 Ne6 43. cxb5 axb5 44. Ke3 Nd4 45. Qxd4 Rxd4 46. Kxd4 Kf8 47. Kd5 1-0

[Event "Saarland-ch Seniors 26th"]
[Site "Germany"]
[Date "2007.04.05"]
[Round "7"]
[White "Bettscheider, Alfred"]
[Black "Bickelmann, Horst"]
[Result "0-1"]
[WhiteElo "1547"]
[BlackElo "1454"]
[PlyCount "100"]
[EventDate "2007.03.30"]
[EventType "swiss"]
[EventRounds "9"]
[EventCountry "GER"]
[SourceTitle "EXT 2008"]
[Source "ChessBase"]
[SourceDate "2007.11.25"]
[SourceVersion "1"]
[SourceVersionDate "2007.11.25"]
[SourceQuality "1"]

1. c4 b6 2. e3 e5 3. Nc3 Nf6 4. d3 Bb4 5. Bd2 0-0 6. a3 Be7 7. e4 Nc6 8. Nf3 d6 9. g3 Bg4 10. Bg2 a6 11. Rc1 h6 12. Nd5 Bxf3 13. Bxf3 Nd4 14. Bg2 Nd7 15. b4 c6 16. Nxe7+ Qxe7 17. Be3 c5 18. Rb1 Ra7 19. 0-0 a5 20. b5 f5 21. f4 Nf6 22. fxe5 dxe5 23. exf5 Qf7 24. g4 Re7 25. h3 Qe8 26. Re1 Qd8 27. Rb2 Qc7 28. Bf2 Rfe8 29. Bg3 Qd6 30. Rd2 Qd8 31. Bh4 Rd7 32. Bxf6 gxf6 33. Re4 Rg7 34. Re3 Kh8 35. Qe1 Rg5 36. Qh4 Kh7 37. Bd5 Rf8 38. Rg2 Qe7 39. Qf2 Qd7 40. Be4 Rfg8 41. Reg3 h5 42. Kh1 Qg7 43. Bd5 Rd8 44. gxh5 Rxg3 45. Rxg3 Qh6 46. Qg2 Qc1+ 47. Kh2 Qf4 48. a4 Kh6 49. Be4 Rg8 50. Kh1 Rxg3 0-1

[Event "Saarland-ch Seniors 26th"]
[Site "Germany"]
[Date "2007.04.02"]
[Round "4"]
[White "Sendelbach, Bruno"]
[Black "Bickelmann, Horst"]
[Result "1-0"]
[WhiteElo "1696"]
[BlackElo "1454"]
[PlyCount "85"]
[EventDate "2007.03.30"]
[EventType "swiss"]
[EventRounds "9"]
[EventCountry "GER"]
[SourceTitle "EXT 2008"]
[Source "ChessBase"]
[SourceDate "2007.11.25"]
[SourceVersion "1"]
[SourceVersionDate "2007.11.25"]
[SourceQuality "1"]

1. d4 Nf6 2. c4 b6 3. Nc3 Bb7 4. Bf4 e6 5. a3 Be7 6. f3 0-0 7. e4 d6 8. Bd3 Nh5 9. Bg3 Bg5 10. Bf2 Nf4 11. Bf1 f5 12. g3 Ng6 13. h4 Bh6 14. Bd3 f4 15. g4 e5 16. d5 Nd7 17. Qe2 Nc5 18. Bc2 Nh8 19. g5 Bxg5 20. hxg5 Qxg5 21. Bh4 Qh5 22. Qg2 Qg6 23. Qh3 Bc8 24. Qh2 Qh5 25. 0-0-0 h6 26. Rd2 Ng6 27. Be1 Qxh2 28. Rdxh2 a6 29. Nge2 Bd7 30. Rg1 Kh7 31. Rhg2 Be8 32. Kb1 Rg8 33. Nc1 Rb8 34. Nd3 Nxd3 35. Bxd3 Ra8 36. Bc2 Rf8 37. Ba4 Bf7 38. Bd7 Ne7 39. Rxg7+ Kh8 40. Bh4 Rg8 41. Rxg8+ Rxg8 42. Rxg8+ Nxg8 43. Bd8 1-0

[Event "Saarland-ch Seniors 25th "]
[Site "Wadg/Hostenbach"]
[Date "2006.04.09"]
[Round "3"]
[White "Maas, Karl Heinz"]
[Black "Bickelmann, Horst"]
[Result "0-1"]
[WhiteElo "1440"]
[BlackElo "1454"]
[PlyCount "77"]
[EventDate "2006.04.07"]
[EventType "swiss"]
[EventRounds "9"]
[EventCountry "GER"]
[SourceTitle "EXT 2007"]
[Source "ChessBase"]
[SourceDate "2006.11.23"]
[SourceVersion "1"]
[SourceVersionDate "2006.11.23"]
[SourceQuality "1"]

1. d4 Nf6 2. c4 b6 3. Nc3 Bb7 4. Nf3 e6 5. Bg5 Bb4 6. a3 Bxc3+ 7. bxc3 0-0 8. e4 Bxe4 9. Bxf6 Qxf6 10. Ne5 Bb7 11. Rb1 d6 12. Ng4 Qe7 13. Ne3 Re8 14. Bd3 Nd7 15. 0-0 Nf6 16. Re1 Be4 17. Qc2 Bxd3 18. Qxd3 Qd7 19. Rb2 e5 20. Rbe2 e4 21. Qc2 c6 22. d5 c5 23. h3 Nh5 24. Nf1 f5 25. Re3 Re7 26. Qd1 Nf6 27. f3 f4 28. R3e2 e3 29. Nh2 Rae8 30. Nf1 Nh5 31. Kh2 Qf5 32. Qb1 Qg5 33. g4 fxg3+ 34. Kg1 Nf4 35. Rxe3 Rxe3 36. Rxe3 Rxe3 37. Nxe3 Ne2+ 38. Kf1 Qxe3 39. Qe4 0-1

[Event "Heusweiler op"]
[Site "Heusweiler"]
[Date "2001.04.08"]
[Round "3"]
[White "Bickelmann, Horst"]
[Black "Schroeder, Hans"]
[Result "1-0"]
[WhiteElo "1544"]
[BlackElo "1303"]
[PlyCount "63"]
[EventDate "2001.04.03"]
[EventType "swiss"]
[EventRounds "9"]
[EventCountry "GER"]
[SourceTitle "EXT 2008"]
[Source "ChessBase"]
[SourceDate "2007.11.25"]
[SourceVersion "1"]
[SourceVersionDate "2007.11.25"]
[SourceQuality "1"]

1. e4 e5 2. Bc4 Nf6 3. Nc3 Bc5 4. d3 d6 5. Bg5 Bxf2+ 6. Kxf2 Ng4+ 7. Qxg4 Bxg4 8. Bxd8 Kxd8 9. Nf3 f6 10. h3 Bh5 11. g4 Be8 12. Nh4 g6 13. Raf1 Nc6 14. Ke2 Nd4+ 15. Kd2 b5 16. Bb3 Rf8 17. Nd5 g5 18. Nf5 Ne6 19. Nb4 Nf4 20. Ng7 a5 21. Bd5 Rb8 22. Nc6+ Bxc6 23. Bxc6 Rb6 24. Bd5 Ke7 25. Rxf4 exf4 26. a3 c6 27. Ba2 Rd8 28. h4 Rh8 29. hxg5 d5 30. exd5 Kd6 31. Nf5+ Kc5 32. d4# 1-0